000
00262nam a22001097a 4500
082
_a
530.1 MOR'M
100
_a
MORSE, P. M,FESHBACK, H
_9
78511
245
_a
METHODS OF THEORATICAL PHYSICS
260
_a
NEWYORK
_b
MCGRAW HILL
_c
1953
300
_a
997P
942
_c
BK
999
_c
583621
_d
583621